Journal of Medicine, Physiology and Biophysics (Record no. 37356)

MARC details
000 -LEADER
fixed length control field 00493nam a2200145Ia 4500
022 ## - INTERNATIONAL STANDARD SERIAL NUMBER
ISSN 2422- 8427
050 ## - CALL MARK
Classification number R97. J68
245 ## - TITLE STATEMENT
Title Journal of Medicine, Physiology and Biophysics
250 ## - EDITION / VOLUME STATEMENT
Edition / Volume statement Vol. 7, No. 5
260 ## - PUBLICATION, DISTRIBUTION, ETC. (IMPRINT)
Place of publication IISTE
Name of publisher International Institute for Science, Technology and Education (IISTE)
Year of publication 2025
300 ## - PHYSICAL DESCRIPTION
Number of Pages iii, 68 p. :ill. ; 28 cm.
650 ## - SUBJECT ADDED ENTRY--TOPICAL TERM
Topical Term Medicine-- Periodicals, Physiology--- Periodicals and Biophysics--- Periodicals.
942 ## - ADDED ENTRY ELEMENTS (KOHA)
Koha item type Serials
Source of classification Library of Congress Classification

No items available.